[Event "Gorodets-ch"]
[Site "Gorodets"]
[Date "2014.12.15"]
[Round "3"]
[White "Shuvalov, Sergey"]
[Black "Ryazanov, Vladimir"]
[Result "1-0"]
[WhiteElo "2160"]
[BlackElo "1953"]
[PlyCount "65"]
[EventDate "2014.12.13"]
[EventType "swiss"]
[EventRounds "9"]
[EventCountry "RUS"]
[SourceTitle "CBM 164 Extra"]
[Source "ChessBase"]
[SourceDate "2015.03.02"]
[SourceVersion "1"]
[SourceVersionDate "2015.03.02"]
[SourceQuality "1"]

1. e4 c6 2. d4 d5 3. e5 Bf5 4. Ne2 e6 5. Ng3 Bg6 6. h4 h6 7. h5 Bh7 8. c4 c5 9. cxd5 Qxd5 10. Be3 cxd4 11. Qxd4 Qxd4 12. Bxd4 Nc6 13. Bb5 Bb4+ 14. Nc3 Nge7 15. a3 Ba5 16. b4 Bc7 17. f4 a6 18. Bxc6+ Nxc6 19. Be3 0-0 20. Ke2 Rfd8 21. Rhd1 Kf8 22. Nge4 Bxe4 23. Nxe4 Rxd1 24. Rxd1 Rd8 25. Bc5+ Ke8 26. Bd6 Bb6 27. g4 Rc8 28. Kd3 Nd8 29. g5 Nc6 30. gxh6 gxh6 31. Nf6+ Kd8 32. Ke4 Ne7 33. Bc5+ 1-0

[Event "Gorodets op"]
[Site "Gorodets"]
[Date "2014.08.10"]
[Round "8"]
[White "Shuvalov, Sergey"]
[Black "Kalugin, Alexander"]
[Result "1/2-1/2"]
[WhiteElo "2155"]
[BlackElo "2122"]
[PlyCount "62"]
[EventDate "2014.08.06"]
[EventType "swiss"]
[EventRounds "9"]
[EventCountry "RUS"]
[SourceTitle "EXT 2016"]
[Source "ChessBase"]
[SourceDate "2015.10.08"]
[SourceVersion "1"]
[SourceVersionDate "2015.10.08"]
[SourceQuality "1"]

1. e4 e6 2. d3 d5 3. Nd2 c5 4. g3 Nf6 5. e5 Nfd7 6. f4 h5 7. h4 Nc6 8. Be2 g6 9. Ngf3 Be7 10. Ng5 Nb6 11. c3 Bd7 12. Ndf3 Qc7 13. Be3 d4 14. cxd4 Nd5 15. Bf2 Qa5+ 16. Qd2 Qxd2+ 17. Kxd2 cxd4 18. a3 f6 19. exf6 Bxf6 20. Ne4 Bg7 21. b4 0-0 22. Nc5 Bc8 23. b5 Na5 24. Rab1 Nc3 25. Rb4 e5 26. Ng5 Nxe2 27. Kxe2 exf4 28. gxf4 b6 29. Nce4 Bg4+ 30. Kd2 Rxf4 31. Bg3 Rff8 1/2-1/2

[Event "Gorodets op"]
[Site "Gorodets"]
[Date "2014.08.09"]
[Round "7"]
[White "Senin, Sergey"]
[Black "Shuvalov, Sergey"]
[Result "1/2-1/2"]
[WhiteElo "2129"]
[BlackElo "2155"]
[PlyCount "40"]
[EventDate "2014.08.06"]
[EventType "swiss"]
[EventRounds "9"]
[EventCountry "RUS"]
[SourceTitle "EXT 2016"]
[Source "ChessBase"]
[SourceDate "2015.10.08"]
[SourceVersion "1"]
[SourceVersionDate "2015.10.08"]
[SourceQuality "1"]

1. d4 f5 2. h3 g6 3. g4 d6 4. Bg2 Nf6 5. gxf5 gxf5 6. c4 Nc6 7. Nc3 e5 8. Bxc6+ bxc6 9. dxe5 dxe5 10. Qxd8+ Kxd8 11. Bg5 Ke7 12. Nf3 Ke6 13. 0-0-0 Bb4 14. Bd2 h6 15. Rhg1 Bd7 16. Rg6 e4 17. Nh4 Bf8 18. Bf4 Be8 19. Rgg1 Bd6 20. Be3 Bf7 1/2-1/2

[Event "Gorodets op"]
[Site "Gorodets"]
[Date "2014.08.09"]
[Round "6"]
[White "Shuvalov, Sergey"]
[Black "Sarycheva, Anastasia"]
[Result "1-0"]
[WhiteElo "2155"]
[BlackElo "1903"]
[PlyCount "125"]
[EventDate "2014.08.06"]
[EventType "swiss"]
[EventRounds "9"]
[EventCountry "RUS"]
[SourceTitle "EXT 2016"]
[Source "ChessBase"]
[SourceDate "2015.10.08"]
[SourceVersion "1"]
[SourceVersionDate "2015.10.08"]
[SourceQuality "1"]

1. e4 c5 2. Nf3 d6 3. g3 g6 4. Bg2 Bg7 5. 0-0 Nc6 6. c4 Nf6 7. d3 0-0 8. h3 Rb8 9. Nc3 a6 10. Be3 b5 11. b3 Ng4 12. hxg4 Bxc3 13. Rc1 Bb2 14. Rc2 Bg7 15. Nh2 Nb4 16. Re2 bxc4 17. dxc4 Qa5 18. Qd2 Nc6 19. Qxa5 Nxa5 20. g5 Nc6 21. f4 Bd4 22. e5 Bxe3+ 23. Rxe3 Nd4 24. exd6 exd6 25. Kf2 a5 26. Nf3 Nf5 27. Rd3 Bb7 28. g4 Bxf3 29. gxf5 Bxg2 30. Kxg2 a4 31. f6 axb3 32. axb3 h5 33. gxh6 Kh7 34. Kg3 Rfe8 35. f5 gxf5 36. Rxf5 Rg8+ 37. Kf4 Rg1 38. Ke4 Re8+ 39. Kd5 Kxh6 40. Kc6 Rb1 41. Rg3 Re6 42. Rf2 Rh1 43. Rg8 Kh7 44. Rg7+ Kh8 45. Rxf7 Rh6 46. Ra2 Kg8 47. Rg7+ Kf8 48. Ra8+ Re8 49. Rxe8+ Kxe8 50. Re7+ Kf8 51. Re6 Rh3 52. Kxd6 Rxb3 53. Kxc5 Kf7 54. Rd6 Rc3 55. Kb4 Rc1 56. c5 Rb1+ 57. Kc4 Rc1+ 58. Kb5 Rb1+ 59. Ka6 Ra1+ 60. Kb7 Rb1+ 61. Kc7 Ke8 62. c6 Rb2 63. Kc8 1-0

[Event "Gorodets op"]
[Site "Gorodets"]
[Date "2014.08.08"]
[Round "4"]
[White "Shuvalov, Sergey"]
[Black "Krylov, Vadim"]
[Result "1-0"]
[WhiteElo "2155"]
[BlackElo "1980"]
[PlyCount "43"]
[EventDate "2014.08.06"]
[EventType "swiss"]
[EventRounds "9"]
[EventCountry "RUS"]
[SourceTitle "EXT 2016"]
[Source "ChessBase"]
[SourceDate "2015.10.08"]
[SourceVersion "1"]
[SourceVersionDate "2015.10.08"]
[SourceQuality "1"]

1. e4 c5 2. Nc3 Nc6 3. f4 e5 4. d3 d6 5. Nf3 Nge7 6. Be2 Nd4 7. 0-0 Nec6 8. Nd5 Be7 9. c3 Nxf3+ 10. Bxf3 0-0 11. f5 Bg5 12. g4 Bxc1 13. Rxc1 f6 14. h4 b6 15. Rc2 Bb7 16. Rg2 Ne7 17. Ne3 d5 18. exd5 Nxd5 19. Qb3 c4 20. Qxc4 e4 21. Bxe4 Rc8 22. Bxd5+ 1-0

[Event "Gorodets op"]
[Site "Gorodets"]
[Date "2014.08.07"]
[Round "2"]
[White "Shuvalov, Sergey"]
[Black "Kolesnikov, Lev"]
[Result "1-0"]
[WhiteElo "2155"]
[BlackElo "1716"]
[PlyCount "77"]
[EventDate "2014.08.06"]
[EventType "swiss"]
[EventRounds "9"]
[EventCountry "RUS"]
[SourceTitle "EXT 2016"]
[Source "ChessBase"]
[SourceDate "2015.10.08"]
[SourceVersion "1"]
[SourceVersionDate "2015.10.08"]
[SourceQuality "1"]

1. e4 d5 2. e5 c5 3. f4 Nc6 4. Nf3 Bf5 5. Be2 e6 6. 0-0 Be7 7. d3 h6 8. Be3 Qd7 9. d4 c4 10. b3 b5 11. a4 cxb3 12. cxb3 b4 13. Bd3 Bxd3 14. Qxd3 a5 15. Nbd2 Bd8 16. Rac1 Nge7 17. g4 Bb6 18. Rf2 Qa7 19. Nf1 Qa6 20. Qb1 Kd7 21. f5 Qa7 22. Rd2 Rac8 23. Kg2 Nb8 24. Rdd1 Rxc1 25. Rxc1 Qa6 26. Ng3 Rc8 27. h4 Rxc1 28. Bxc1 Qc8 29. Bd2 Nbc6 30. Qd3 Bxd4 31. Nxd4 Nxe5 32. Qb5+ N7c6 33. g5 hxg5 34. hxg5 Kd6 35. Qb6 Ke7 36. Qc5+ Kd7 37. Nb5 Qb8 38. Bf4 Nd3 39. Qxc6+ 1-0

[Event "Gorodets-ch"]
[Site "Gorodets"]
[Date "2011.04.14"]
[Round "6"]
[White "Belov, Igor2222"]
[Black "Shuvalov, Sergey"]
[Result "1-0"]
[WhiteElo "2091"]
[BlackElo "2156"]
[PlyCount "69"]
[EventDate "2011.04.09"]
[EventType "swiss"]
[EventRounds "9"]
[EventCountry "RUS"]
[SourceTitle "CBM 142 Extra"]
[Source "ChessBase"]
[SourceDate "2011.06.27"]
[SourceVersion "1"]
[SourceVersionDate "2011.06.27"]
[SourceQuality "1"]

1. d4 d5 2. c4 c6 3. cxd5 cxd5 4. Nc3 Nc6 5. Nf3 Bg4 6. Ne5 Nxe5 7. dxe5 e6 8. Qa4+ Qd7 9. Qxg4 d4 10. Ne4 0-0-0 11. Nd6+ Bxd6 12. exd6 Qxd6 13. Bd2 Ne7 14. g3 Kb8 15. Bg2 Ng6 16. 0-0 f5 17. Qf3 Rd7 18. a4 Rf8 19. Qa3 Qa6 20. Rac1 e5 21. Rc2 Qxe2 22. Rfc1 Re8 23. Bb4 Qa6 24. Rc5 Qe6 25. Bf1 a6 26. Bc4 Qf6 27. Rd5 Red8 28. Qb3 f4 29. Ba5 Rxd5 30. Bxd5 Rd7 31. Be6 fxg3 32. hxg3 Qg5 33. Qc4 Nf4 34. Qc8+ Ka7 35. Bb6+ 1-0

[Event "Gorodets-ch"]
[Site "Gorodets"]
[Date "2011.04.13"]
[Round "5"]
[White "Shuvalov, Sergey"]
[Black "Ulankov, Andrey"]
[Result "0-1"]
[WhiteElo "2156"]
[BlackElo "2086"]
[PlyCount "52"]
[EventDate "2011.04.09"]
[EventType "swiss"]
[EventRounds "9"]
[EventCountry "RUS"]
[SourceTitle "CBM 142 Extra"]
[Source "ChessBase"]
[SourceDate "2011.06.27"]
[SourceVersion "1"]
[SourceVersionDate "2011.06.27"]
[SourceQuality "1"]

1. e4 Nf6 2. d3 e5 3. f4 Nc6 4. Nf3 d5 5. fxe5 dxe4 6. exf6 exf3 7. Qxf3 gxf6 8. Be3 Ne5 9. Qe4 Bd6 10. Nc3 f5 11. Qa4+ Bd7 12. Qb3 Ng4 13. Bd4 Qh4+ 14. g3 Bxg3+ 15. hxg3 Qxg3+ 16. Ke2 0-0-0 17. Rh3 Rhe8+ 18. Ne4 Qd6 19. Bg1 fxe4 20. d4 f5 21. Re1 f4 22. Rxh7 f3+ 23. Kd1 f2 24. Bxf2 Nxf2+ 25. Kc1 Qxd4 26. Qg3 e3 0-1

[Event "Nizhnij Novgorod Region-ch op"]
[Site "Nizhnij Novgorod"]
[Date "2008.10.??"]
[Round "6"]
[White "Dudukin, Ilya"]
[Black "Shuvalov, Sergey"]
[Result "1-0"]
[WhiteElo "2393"]
[BlackElo "2135"]
[PlyCount "33"]
[EventDate "2008.10.04"]
[EventType "swiss"]
[EventRounds "9"]
[EventCountry "RUS"]
[SourceTitle "EXT 2022"]
[Source "ChessBase"]
[SourceDate "2021.10.06"]
[SourceVersion "1"]
[SourceVersionDate "2021.10.06"]
[SourceQuality "1"]

1. Nf3 f5 2. d3 d6 3. e4 e5 4. Nc3 Nf6 5. exf5 Bxf5 6. d4 e4 7. Nh4 Bg4 8. Be2 Bxe2 9. Qxe2 d5 10. Bg5 c6 11. f3 Be7 12. Nf5 0-0 13. fxe4 dxe4 14. 0-0 Nbd7 15. Nxe4 h6 16. Nxe7+ Qxe7 17. Nxf6+ 1-0

[Event "Nizhnij Novgorod Region-ch op"]
[Site "Nizhnij Novgorod"]
[Date "2008.10.??"]
[Round "5"]
[White "Shuvalov, Sergey"]
[Black "Kozyrev, Daniil"]
[Result "1-0"]
[WhiteElo "2135"]
[BlackElo "2192"]
[PlyCount "101"]
[EventDate "2008.10.04"]
[EventType "swiss"]
[EventRounds "9"]
[EventCountry "RUS"]
[SourceTitle "EXT 2022"]
[Source "ChessBase"]
[SourceDate "2021.10.06"]
[SourceVersion "1"]
[SourceVersionDate "2021.10.06"]
[SourceQuality "1"]

1. e4 c5 2. Nf3 Nc6 3. d4 cxd4 4. Nxd4 Nf6 5. Nc3 e5 6. Ndb5 d6 7. Bg5 a6 8. Na3 b5 9. Nd5 Be7 10. Bxf6 Bxf6 11. c3 0-0 12. Nc2 Bg5 13. a4 bxa4 14. Rxa4 a5 15. Bc4 Rb8 16. Ra2 Kh8 17. 0-0 f5 18. exf5 Bxf5 19. Nce3 Bg6 20. b3 Bh6 21. f3 Qh4 22. Ng4 Bg5 23. Qe1 Qh5 24. b4 axb4 25. Nxb4 Nxb4 26. cxb4 Bf5 27. Nf2 Bf4 28. h3 Qg6 29. g4 Be6 30. Bxe6 Qxe6 31. Ra6 Qh6 32. Kg2 Bd2 33. Qd1 Rxb4 34. Nd3 Rb5 35. Qa4 Rd5 36. Qb3 Ra5 37. Rc6 Qf6 38. Nf2 Bf4 39. Ne4 Qe7 40. Rxd6 Qa7 41. Rf2 Ra3 42. Qd5 Be3 43. Rd8 Qe7 44. Rd7 Qe8 45. Re2 Bd4 46. Ng5 h6 47. Ne6 Rfxf3 48. Nxd4 Rg3+ 49. Kf2 Qf8+ 50. Rf7 Qb4 51. Qxe5 1-0